000 00338nam a2200145Ia 4500
005 20251222152634.0
008 251222s9999||||xx |||||||||||||| ||spa||
020 _a8447337146
082 _a813.54/H39
100 _aHenly, Virginia
245 0 _aFronteras de Pasión
250 _a1ra.ed.
264 _bEdiciones B, S.A.
942 _cLIB
999 _c27833
_d27833